[Event "?"]
[Site "?"]
[Date "2012.10.05"]
[Round "7.4"]
[White "Lochte, Thomas"]
[Black "Shirazi, Kamran"]
[Result "0-1"]
[WhiteElo "2189"]
[BlackElo "2405"]
[PlyCount "58"]
[EventDate "2012.??.??"]

1. e4 c5 2. d4 cxd4 3. c3 d5 4. exd5 Nf6 5. Qa4+ Nbd7 6. Qxd4 Nb6 7. c4 e6 8.
Nc3 exd5 9. cxd5 Nbxd5 10. Bb5+ Bd7 11. Nxd5 Nxd5 12. Qxd5 Qa5+ 13. Bd2 Qxb5
14. Qxb5 Bxb5 15. O-O-O Bc5 16. Re1+ Kf8 17. Re5 Rc8 18. Kd1 Bf1 19. Ne2 Bxg2
20. Rg1 Bd6 21. Rg5 Bf3 22. Rxg7 Re8 23. Be3 Rd8 24. Kc1 Bxe2 25. Bh6 Rc8+ 26.
Kd2 Bc4 27. R1g4 Ke7 28. Re4+ Kd7 29. Rd4 Ke6 0-1

[Event "?"]
[Site "?"]
[Date "2012.10.05"]
[Round "7.5"]
[White "Straub, Jürgen"]
[Black "Raykhman, Alexander"]
[Result "0-1"]
[WhiteElo "2226"]
[BlackElo "2362"]
[PlyCount "104"]
[EventDate "2012.??.??"]

1. b3 d5 2. Bb2 Bg4 3. Nf3 Bxf3 4. exf3 e6 5. d4 g6 6. Nd2 Bg7 7. f4 c5 8. Bb5+
Nc6 9. Bxc6+ bxc6 10. Nf3 Ne7 11. O-O O-O 12. Qd3 Qc7 13. Ba3 cxd4 14. Bc5 Rfe8
15. g3 Nf5 16. Nxd4 Nd6 17. Bxd6 Qxd6 18. Rad1 a5 19. a4 Rab8 20. Qa6 Qc5 21.
Qd3 Bxd4 22. Qxd4 Qxc2 23. Rc1 Qxb3 24. Rxc6 Rb4 25. Qa7 Qxa4 26. Rc5 Reb8 27.
Rxa5 Qc2 28. Rc5 Qe4 29. Rc7 Rb1 30. Rcc1 h5 31. Qa2 R1b2 32. Qa7 h4 33. Rfe1
Qf3 34. Qe3 Qh5 35. Qe5 Qg4 36. Rc8+ Rxc8 37. Qxb2 h3 38. Qb3 Qe2 39. Qd1 Qxd1
40. Rxd1 Rc2 41. Kf1 Kg7 42. Ra1 Kf6 43. Rb1 Kf5 44. Re1 d4 45. Ra1 Ke4 46. Rd1
f5 47. Ke1 Kf3 48. Rd3+ Kg2 49. g4 Rc4 50. gxf5 gxf5 51. Rg3+ Kxh2 52. Rg6 d3
0-1

[Event "?"]
[Site "?"]
[Date "2012.10.05"]
[Round "7.6"]
[White "Köpke, Christian"]
[Black "Hantak, Adam"]
[Result "1-0"]
[WhiteElo "2364"]
[BlackElo "2185"]
[PlyCount "79"]
[EventDate "2012.??.??"]

1. c4 g6 2. g3 Bg7 3. Bg2 e5 4. Nc3 d6 5. e4 Ne7 6. Nge2 Nbc6 7. d3 O-O 8. O-O
h6 9. Be3 Nd4 10. Qd2 Kh7 11. f4 f5 12. Rae1 a6 13. Kh1 Rb8 14. Nd5 fxe4 15.
dxe4 Nxe2 16. Qxe2 exf4 17. gxf4 b5 18. b3 bxc4 19. Qxc4 c5 20. f5 gxf5 21.
Nxe7 Qxe7 22. exf5 Bb7 23. Qg4 Bxg2+ 24. Qxg2 Qb7 25. Rf3 Rf6 26. Bc1 Rbf8 27.
Ref1 Qd7 28. Bb2 Rxf5 29. Rxf5 Rxf5 30. Rxf5 Bxb2 31. Qc2 Qb7+ 32. Qg2 Qxg2+
33. Kxg2 Kg6 34. Rf8 d5 35. Rd8 c4 36. Rxd5 c3 37. Rc5 h5 38. Kf3 Kf6 39. Ke4
h4 40. Kd3 1-0

[Event "?"]
[Site "?"]
[Date "2012.10.05"]
[Round "7.7"]
[White "Urankar, Hans-Peter"]
[Black "Ovsepyan, Arshak"]
[Result "1-0"]
[WhiteElo "2243"]
[BlackElo "1939"]
[PlyCount "73"]
[EventDate "2012.??.??"]

1. g3 d5 2. Nf3 c5 3. Bg2 Nc6 4. d3 Nf6 5. Nbd2 h6 6. e4 dxe4 7. dxe4 e5 8. O-O
Be6 9. c3 Be7 10. Qe2 Qc7 11. Nh4 Nd7 12. Nf5 Bf6 13. Ne3 Nb6 14. a4 Rd8 15. a5
Nc8 16. Nd5 Bxd5 17. exd5 N6e7 18. Ne4 Nxd5 19. Qb5+ Qc6 20. Qxc5 Be7 21. Qxc6+
bxc6 22. Re1 O-O 23. Nd2 Bd6 24. Nc4 Rfe8 25. Be3 Nxe3 26. Rxe3 c5 27. Bc6 Re7
28. Rd1 Re6 29. Red3 e4 30. R3d2 Ne7 31. Bd5 Rg6 32. Bxe4 f5 33. Bc2 Nc8 34.
Bxf5 Rf6 35. Bxc8 Rxc8 36. Rxd6 Rxd6 37. Rxd6 1-0

[Event "?"]
[Site "?"]
[Date "2012.10.05"]
[Round "7.8"]
[White "Kretschel, Klaus"]
[Black "Rusche, Johannes"]
[Result "1/2-1/2"]
[WhiteElo "2036"]
[BlackElo "2220"]
[PlyCount "50"]
[EventDate "2012.??.??"]

1. e4 e5 2. Nf3 Nc6 3. Bb5 Nf6 4. O-O Nxe4 5. d4 Nd6 6. Bxc6 dxc6 7. dxe5 Nf5
8. Qxd8+ Kxd8 9. Nc3 h6 10. h3 Be7 11. Bf4 Be6 12. Rad1+ Ke8 13. b3 a5 14. a4
Rd8 15. Rxd8+ Kxd8 16. Rd1+ Kc8 17. Ne2 c5 18. c4 Nh4 19. Nxh4 Bxh4 20. g4 h5
21. f3 Be7 22. Rd3 b6 23. Kg2 Bd7 24. Ng3 hxg4 25. hxg4 g6 1/2-1/2

[Event "?"]
[Site "?"]
[Date "2012.10.05"]
[Round "7.9"]
[White "Schelle, Artur"]
[Black "Herrmann, Oliver"]
[Result "1-0"]
[WhiteElo "2206"]
[BlackElo "2141"]
[PlyCount "113"]
[EventDate "2012.??.??"]

1. e4 c5 2. Nc3 Nc6 3. f4 g6 4. Nf3 Bg7 5. Bb5 Nd4 6. O-O Nxb5 7. Nxb5 a6 8.
Nc3 b5 9. d3 b4 10. Ne2 d5 11. e5 Nh6 12. d4 cxd4 13. Nexd4 Nf5 14. a3 bxa3 15.
Rxa3 h5 16. Re1 O-O 17. Nxf5 Bxf5 18. Nd4 Be4 19. Be3 Qd7 20. Nb3 Rfe8 21. c3
Qb7 22. Re2 Qc6 23. Bc5 e6 24. Bb4 g5 25. Nd4 Qc4 26. Rd2 Bg6 27. Bd6 a5 28.
fxg5 Qa6 29. h4 Ra7 30. g4 hxg4 31. Qxg4 Be4 32. Ra1 Rd8 33. Rf2 Rxd6 34. exd6
Qb6 35. Rd1 a4 36. h5 a3 37. bxa3 Bxd4 38. cxd4 Qxd6 39. Rc1 Kg7 40. h6+ Kh7
41. Rcf1 Bg6 42. Rf3 Rxa3 43. Rxa3 Qxa3 44. Qf4 Bf5 45. Qe5 Kg6 46. Rf2 Qc1+
47. Kh2 Qc3 48. Qf4 Qh3+ 49. Kg1 Qc3 50. Qh4 Qc1+ 51. Kh2 Qc7+ 52. Qf4 Qc3 53.
Kg1 Qe1+ 54. Rf1 Qc3 55. Rc1 Qb2 56. h7 Kxh7 57. Qh4+ 1-0

[Event "?"]
[Site "?"]
[Date "2012.10.05"]
[Round "7.10"]
[White "Eitel, Harald"]
[Black "Karajannidis, Christos"]
[Result "1-0"]
[WhiteElo "2253"]
[BlackElo "2069"]
[PlyCount "49"]
[EventDate "2012.??.??"]

1. d4 Nf6 2. Nf3 c5 3. c4 g6 4. g3 cxd4 5. Nxd4 Bg7 6. Bg2 O-O 7. O-O Nc6 8.
Nc3 Qb6 9. Nc2 d6 10. b3 Be6 11. Rb1 Qc5 12. Bb2 Qh5 13. Nd5 Ng4 14. h3 Bxb2
15. Rxb2 Nge5 16. Nce3 Rac8 17. Qd2 Rfe8 18. g4 Qh4 19. f4 Nxg4 20. hxg4 Bxg4
21. Nxg4 Qxg4 22. e4 Kg7 23. Qc3+ e5 24. fxe5 Nxe5 25. Nf6 1-0

[Event "?"]
[Site "?"]
[Date "2012.10.06"]
[Round "8.1"]
[White "Renner, Christoph"]
[Black "Jorczik, Julian"]
[Result "0-1"]
[WhiteElo "2452"]
[BlackElo "2407"]
[PlyCount "64"]
[EventDate "2012.??.??"]

1. d4 Nf6 2. Nf3 g6 3. c4 Bg7 4. Nc3 O-O 5. Bf4 d6 6. e3 Nfd7 7. Be2 e5 8. Bg3
Nc6 9. Nd5 h6 10. Qd2 exd4 11. exd4 Nb6 12. Nxb6 axb6 13. O-O Qf6 14. d5 Nd4
15. Rfe1 Nxf3+ 16. Bxf3 Qxb2 17. Qe3 Rxa2 18. Rac1 Bf5 19. h3 Qd4 20. Qe7 Rc8
21. Red1 Rd2 22. Qe1 Rxd1 23. Bxd1 Ra8 24. Bf3 Bf6 25. Kh2 h5 26. Rd1 Qxc4 27.
Rc1 Bc2 28. Bd1 Ra2 29. Qe3 h4 30. Bf4 Qa4 31. Rxc2 Rxc2 32. Bh6 Kh7 0-1

[Event "?"]
[Site "?"]
[Date "2012.10.06"]
[Round "8.2"]
[White "Shirazi, Kamran"]
[Black "Dehlinger, Alexander"]
[Result "0-1"]
[WhiteElo "2405"]
[BlackElo "2177"]
[PlyCount "60"]
[EventDate "2012.??.??"]

1. e4 c5 2. Nf3 Nc6 3. d4 cxd4 4. Nxd4 Nf6 5. Nc3 e5 6. Ndb5 d6 7. Bg5 a6 8.
Na3 b5 9. Bxf6 gxf6 10. Nd5 f5 11. Bd3 Be6 12. Qh5 Rg8 13. g3 Nd4 14. h3 Bxd5
15. exd5 e4 16. O-O-O Rg5 17. Qxh7 Rg6 18. Qh8 Nf3 19. Be2 b4 20. Bxf3 bxa3 21.
Rhe1 Qb6 22. Qc3 Bg7 23. Qxa3 Rb8 24. c3 Qxf2 25. Be2 Rxg3 26. Bxa6 Rxc3+ 27.
Qxc3 Bxc3 28. Re2 Bxb2+ 29. Kd2 Qd4+ 30. Ke1 Bc3+ 0-1

[Event "?"]
[Site "?"]
[Date "2012.10.06"]
[Round "8.3"]
[White "Raykhman, Alexander"]
[Black "Belezky, Alexander"]
[Result "1/2-1/2"]
[WhiteElo "2362"]
[BlackElo "2413"]
[PlyCount "45"]
[EventDate "2012.??.??"]

1. d4 Nf6 2. Nf3 e6 3. c4 Bb4+ 4. Bd2 Qe7 5. g3 Nc6 6. Nc3 Bxc3 7. Bxc3 Ne4 8.
Rc1 d6 9. d5 Nxc3 10. Rxc3 Nb8 11. dxe6 fxe6 12. Bg2 O-O 13. Nd4 c6 14. O-O e5
15. Nc2 Be6 16. Qd2 Nd7 17. Ne3 Nb6 18. b3 Rad8 19. Rd3 Nc8 20. f4 exf4 21.
gxf4 Kh8 22. Kh1 Rde8 23. Nc2 1/2-1/2

[Event "?"]
[Site "?"]
[Date "2012.10.06"]
[Round "8.5"]
[White "Reich, Thomas"]
[Black "Schelle, Artur"]
[Result "1-0"]
[WhiteElo "2382"]
[BlackElo "2206"]
[PlyCount "75"]
[EventDate "2012.??.??"]

1. Nf3 f5 2. d3 Nc6 3. e4 e5 4. Nc3 Nf6 5. exf5 d5 6. d4 exd4 7. Nxd4 Nxd4 8.
Qxd4 Bxf5 9. Bg5 c6 10. O-O-O Be7 11. g4 Bg6 12. h4 O-O 13. h5 Be4 14. Rh3 Nxg4
15. Bxe7 Qxe7 16. Nxe4 Qxe4 17. Qxe4 dxe4 18. Rd7 Ne5 19. Rxb7 Rxf2 20. Ba6 Rg2
21. b3 Rd8 22. h6 gxh6 23. Re7 Rd5 24. Re3 Rc5 25. Be2 Nd3+ 26. Kd1 Nf2+ 27.
Kd2 h5 28. Bc4+ Rxc4 29. bxc4 Ng4+ 30. Re2 e3+ 31. Kd3 Rg1 32. c3 h4 33. Rb2
Rd1+ 34. Ke4 Kf8 35. Rc7 Rd8 36. Kf4 h5 37. Rh7 Re8 38. Rh8+ 1-0

[Event "?"]
[Site "?"]
[Date "2012.10.06"]
[Round "8.6"]
[White "Stocker, Rupert"]
[Black "Meister, Peter"]
[Result "1/2-1/2"]
[WhiteElo "2128"]
[BlackElo "2405"]
[PlyCount "39"]
[EventDate "2012.??.??"]

1. c4 g6 2. g3 Bg7 3. Bg2 e5 4. e4 Nc6 5. Nc3 d6 6. Nge2 Nge7 7. d3 O-O 8. O-O
f5 9. Nd5 Be6 10. Be3 Qd7 11. Qd2 Rae8 12. Bh6 Nc8 13. Bxg7 Qxg7 14. f4 fxe4
15. dxe4 Nd4 16. Nxd4 exd4 17. b3 c6 18. Nb4 Nb6 19. Nc2 c5 20. Ne1 1/2-1/2

[Event "?"]
[Site "?"]
[Date "2012.10.06"]
[Round "8.7"]
[White "Kretschel, Klaus"]
[Black "Eitel, Harald"]
[Result "1-0"]
[WhiteElo "2036"]
[BlackElo "2253"]
[PlyCount "137"]
[EventDate "2012.??.??"]

1. e4 e5 2. Nf3 d6 3. d4 exd4 4. Nxd4 Nf6 5. Nc3 Be7 6. Be2 O-O 7. O-O d5 8.
exd5 Nxd5 9. Nxd5 Qxd5 10. Bf3 Qc4 11. Be2 Qd5 12. Bf3 Qd6 13. Be3 c6 14. c3
Qg6 15. Qc2 Qxc2 16. Nxc2 Nd7 17. Rad1 Ne5 18. Be2 Be6 19. b3 c5 20. Bf4 Bf6
21. Ne3 Rfd8 22. c4 Nc6 23. Rxd8+ Rxd8 24. Rd1 Nd4 25. Bd3 h5 26. f3 g5 27. Bc7
Rd7 28. Ba5 Nc6 29. Be1 Bd4 30. Kf2 Ne5 31. Bc2 f5 32. Ke2 Rf7 33. Nd5 Kg7 34.
h4 Ng6 35. hxg5 Bxd5 36. cxd5 Nf4+ 37. Kf1 Nxd5 38. Bd2 Be3 39. Be1 Bd4 40. Bd2
f4 41. Be4 Ne3+ 42. Bxe3 fxe3 43. Ke2 h4 44. Rh1 Rf4 45. Bxb7 Kg6 46. Be4+ Kxg5
47. Rd1 Rf6 48. Bd5 a5 49. a4 Kf4 50. Rh1 Rh6 51. Rh3 Rh8 52. Be6 Bf6 53. Rh1
Rd8 54. Rd1 Rxd1 55. Kxd1 Kg3 56. Ke2 Kxg2 57. Kxe3 h3 58. f4 h2 59. Bd5+ Kg1
60. f5 h1=Q 61. Bxh1 Kxh1 62. Ke4 Kg2 63. Kd5 Bd4 64. b4 axb4 65. Kc4 Kg3 66.
a5 Kg4 67. f6 b3 68. Kxb3 Bxf6 69. a6 1-0

[Event "?"]
[Site "?"]
[Date "2012.10.06"]
[Round "8.8"]
[White "Rusche, Johannes"]
[Black "Lochte, Thomas"]
[Result "1/2-1/2"]
[WhiteElo "2220"]
[BlackElo "2189"]
[PlyCount "28"]
[EventDate "2012.??.??"]

1. e4 Nc6 2. d4 d5 3. Nc3 Nf6 4. exd5 Nxd5 5. Bb5 Nxc3 6. Bxc6+ bxc6 7. bxc3
Qd5 8. Qf3 Bf5 9. Qxd5 cxd5 10. Kd1 Rb8 11. Ba3 e6 12. Bxf8 Rxf8 13. Kc1 Rb6
14. Nf3 Ke7 1/2-1/2

[Event "?"]
[Site "?"]
[Date "2012.10.06"]
[Round "8.9"]
[White "Sajka, Mariusz"]
[Black "Sakhatskyi, Oleksandr"]
[Result "1-0"]
[WhiteElo "2191"]
[BlackElo "2009"]
[PlyCount "59"]
[EventDate "2012.??.??"]

1. d4 f5 2. Nf3 Nf6 3. g3 g6 4. Bg2 Bg7 5. O-O O-O 6. b3 d5 7. c4 e6 8. Nc3
Nbd7 9. Qc2 c6 10. Bb2 Ne4 11. Rad1 b6 12. Nxe4 fxe4 13. Ne1 Ba6 14. f3 exf3
15. Nxf3 Bh6 16. e4 dxc4 17. bxc4 Qe7 18. Rfe1 Qb4 19. d5 cxd5 20. exd5 exd5
21. cxd5 Rac8 22. Qb1 Rfe8 23. Bh3 Bb5 24. Be6+ Rxe6 25. dxe6 Nc5 26. Rd4 Qa5
27. e7 Re8 28. Rd8 Qa4 29. Ba1 Qa3 30. Qxb5 1-0

[Event "?"]
[Site "?"]
[Date "2012.10.06"]
[Round "8.10"]
[White "Kainzbauer, Harald"]
[Black "Straub, Jürgen"]
[Result "0-1"]
[WhiteElo "2081"]
[BlackElo "2226"]
[PlyCount "56"]
[EventDate "2012.??.??"]

1. e4 c5 2. Nf3 e6 3. d4 cxd4 4. Nxd4 Nc6 5. Nb5 d6 6. Bf4 e5 7. Be3 Nf6 8. Bg5
Qa5+ 9. Bd2 Qd8 10. Bg5 Be6 11. Bxf6 gxf6 12. N5c3 Rc8 13. Nd5 f5 14. Bd3 Bg7
15. Nbc3 fxe4 16. Bxe4 O-O 17. Ne3 Ne7 18. Ncd5 f5 19. Nxe7+ Qxe7 20. Bd5 f4
21. Bxe6+ Qxe6 22. Nd5 Rc5 23. Nc3 e4 24. O-O f3 25. Kh1 Rh5 26. Re1 Qg4 27.
gxf3 exf3 28. Rg1 Rxh2+ 0-1

[Event "?"]
[Site "?"]
[Date "2012.10.07"]
[Round "9.1"]
[White "Dehlinger, Alexander"]
[Black "Jorczik, Julian"]
[Result "0-1"]
[WhiteElo "2177"]
[BlackElo "2407"]
[PlyCount "106"]
[EventDate "2012.??.??"]

1. Nf3 Nf6 2. c4 e6 3. g3 b6 4. Bg2 Bb7 5. O-O Be7 6. Nc3 O-O 7. Re1 d5 8. cxd5
exd5 9. d4 Na6 10. Bf4 Ne4 11. Rc1 c5 12. Qa4 Bf6 13. Be5 Re8 14. Bxf6 Nxf6 15.
e3 Ne4 16. Red1 Qe7 17. Ne5 Nc7 18. Qc2 Nxc3 19. bxc3 f6 20. Nd3 c4 21. Nf4 g5
22. Nh5 Bc8 23. h3 f5 24. Re1 Rf8 25. Qe2 Be6 26. g4 Qd7 27. h4 h6 28. hxg5
hxg5 29. gxf5 Bxf5 30. Ng3 Bg4 31. Qd2 Bf3 32. Bxf3 Rxf3 33. e4 Qg4 34. exd5
Nxd5 35. Qe2 Raf8 36. Qe6+ Qxe6 37. Rxe6 Rxc3 38. Rxc3 Nxc3 39. Rg6+ Kf7 40.
Rxg5 Ke6 41. Re5+ Kd7 42. a3 Nb1 43. Re3 Rc8 44. Ne2 c3 45. Kf1 Kd6 46. Ke1 c2
47. Nc1 Rh8 48. Na2 Rh1+ 49. Ke2 c1=Q 50. Nxc1 Rxc1 51. Rb3 Rh1 52. f3 Rh2+ 53.
Kd3 Nd2 0-1

[Event "?"]
[Site "?"]
[Date "2012.10.07"]
[Round "9.3"]
[White "Renner, Christoph"]
[Black "Sajka, Mariusz"]
[Result "0-1"]
[WhiteElo "2452"]
[BlackElo "2191"]
[PlyCount "68"]
[EventDate "2012.??.??"]

1. d4 d5 2. Bf4 Nf6 3. e3 c5 4. c3 Qb6 5. Qb3 c4 6. Qc2 Nc6 7. Nd2 Nh5 8. Bg5
h6 9. Bh4 g5 10. Be2 gxh4 11. Bxh5 e5 12. Ngf3 e4 13. Nxe4 dxe4 14. Qxe4+ Be7
15. O-O-O Nb8 16. d5 Qd6 17. Ne5 O-O 18. Nxc4 Qf6 19. d6 Bd8 20. f4 a5 21. g4
Ra6 22. g5 hxg5 23. Rhg1 Qe6 24. Ne5 Rxd6 25. Rxd6 Qxd6 26. fxg5 Nc6 27. Bxf7+
Rxf7 28. Nxf7 Kxf7 29. Qh7+ Ke8 30. g6 Qe7 31. g7 Qxe3+ 32. Kc2 Qf2+ 33. Kb3
Be6+ 34. c4 Qxg1 0-1

[Event "?"]
[Site "?"]
[Date "2012.10.07"]
[Round "9.4"]
[White "Shirazi, Kamran"]
[Black "Köpke, Christian"]
[Result "1-0"]
[WhiteElo "2405"]
[BlackElo "2364"]
[PlyCount "83"]
[EventDate "2012.??.??"]

1. d4 Nf6 2. Nc3 d5 3. Bg5 Nbd7 4. Nf3 g6 5. Qd3 Bg7 6. e4 dxe4 7. Nxe4 O-O 8.
O-O-O c5 9. Nxc5 Nxc5 10. dxc5 Qa5 11. Qb5 Qxa2 12. Bc4 Bd7 13. Bxa2 Bxb5 14.
Rhe1 e6 15. Nd4 Ba4 16. Bb3 Bxb3 17. Nxb3 Rfc8 18. Bxf6 Bxf6 19. Rd7 Bg5+ 20.
Kb1 a5 21. Rxb7 a4 22. Nc1 Rxc5 23. Nd3 Rf5 24. Ka2 Bf6 25. Re3 Bd4 26. Re2 Rd5
27. h3 Bg7 28. Re4 Rc8 29. Rxa4 h5 30. Kb3 e5 31. f3 Rd4 32. Rxd4 exd4 33. Re7
Rb8+ 34. Ka4 Ra8+ 35. Kb5 Rc8 36. Re2 Bf8 37. b4 Rb8+ 38. Kc4 Rc8+ 39. Kxd4
Bg7+ 40. Kd5 Rf8 41. b5 Rb8 42. Kc6 1-0

[Event "?"]
[Site "?"]
[Date "2012.10.07"]
[Round "9.5"]
[White "Belezky, Alexander"]
[Black "Kretschel, Klaus"]
[Result "1-0"]
[WhiteElo "2413"]
[BlackElo "2036"]
[PlyCount "57"]
[EventDate "2012.??.??"]

1. Nf3 d6 2. d4 f5 3. g3 Nf6 4. Bg2 g6 5. O-O Bg7 6. b3 O-O 7. Bb2 Ne4 8. Nbd2
Nxd2 9. Qxd2 c5 10. c4 Nd7 11. Ng5 Nf6 12. dxc5 dxc5 13. Qxd8 Rxd8 14. Rad1 Re8
15. Ba3 h6 16. Nh3 Ne4 17. Nf4 g5 18. Nd5 Be5 19. f3 e6 20. fxe4 exd5 21. exf5
dxc4 22. bxc4 Bd4+ 23. Rxd4 cxd4 24. Bd5+ Kh7 25. f6 Bh3 26. f7 Rf8 27. Rb1
Rab8 28. Bxf8 Rxf8 29. Rxb7 1-0

[Event "?"]
[Site "?"]
[Date "2012.10.07"]
[Round "9.6"]
[White "Meister, Peter"]
[Black "Lochte, Thomas"]
[Result "1-0"]
[WhiteElo "2405"]
[BlackElo "2189"]
[PlyCount "61"]
[EventDate "2012.??.??"]

1. d4 Nf6 2. Nf3 g6 3. Nc3 d5 4. Bf4 c6 5. e3 Nh5 6. Bg5 h6 7. Bh4 g5 8. Ne5
Ng7 9. Bg3 Nf5 10. Qh5 Be6 11. Bd3 Nxg3 12. hxg3 Nd7 13. f4 Nxe5 14. dxe5 d4
15. f5 dxc3 16. fxe6 Qb6 17. Qxf7+ Kd8 18. Ke2 Kc7 19. bxc3 Qc5 20. Rhd1 Rd8
21. Bg6 Rd5 22. Rxd5 Qxd5 23. Kf2 Qd2+ 24. Kg1 Qxe3+ 25. Kh2 h5 26. Qe8 Qd2 27.
Bd3 b5 28. Qd7+ Kb6 29. a4 Qxc3 30. axb5 a5 31. Rb1 1-0

[Event "?"]
[Site "?"]
[Date "2012.10.07"]
[Round "9.7"]
[White "Urankar, Hans-Peter"]
[Black "Herrmann, Oliver"]
[Result "0-1"]
[WhiteElo "2243"]
[BlackElo "2141"]
[PlyCount "68"]
[EventDate "2012.??.??"]

1. d4 f5 2. Bf4 Nf6 3. e3 g6 4. h4 h6 5. Nf3 d6 6. Nc3 Bg7 7. Bc4 e6 8. Qe2 Ne4
9. Nxe4 fxe4 10. Nd2 d5 11. Bb3 O-O 12. O-O-O a5 13. c3 c5 14. f3 a4 15. Bc2 a3
16. b3 Qa5 17. Nb1 cxd4 18. fxe4 e5 19. Bh2 dxe4 20. exd4 exd4 21. Rhf1 Rxf1
22. Rxf1 Nc6 23. Qc4+ Kh8 24. Bxe4 Bf5 25. Bxf5 gxf5 26. b4 Qd8 27. b5 Na5 28.
Qe6 Qxh4 29. Be5 Qg5+ 30. Rf4 Nb3+ 31. Kd1 Qh5+ 32. g4 Qh1+ 33. Ke2 d3+ 34. Kf2
Qh2+ 0-1

[Event "?"]
[Site "?"]
[Date "2012.10.07"]
[Round "9.8"]
[White "Straub, Jürgen"]
[Black "Stocker, Rupert"]
[Result "0-1"]
[WhiteElo "2226"]
[BlackElo "2128"]
[PlyCount "75"]
[EventDate "2012.??.??"]

1. d4 d5 2. Nf3 e6 3. g3 c5 4. Bg2 Nc6 5. O-O Nf6 6. c4 Be7 7. cxd5 exd5 8. Nc3
O-O 9. b3 Ne4 10. Bb2 Bf6 11. Na4 b6 12. Rc1 Be6 13. dxc5 b5 14. Nc3 Qa5 15.
Qc2 Rac8 16. a4 Nb4 17. Qb1 Bf5 18. Nxe4 Bxe4 19. Qa1 Bxb2 20. Qxb2 bxa4 21.
Ra1 Rxc5 22. Rxa4 Qb6 23. Nd4 Bxg2 24. Kxg2 g6 25. e3 Rfc8 26. Rfa1 R8c7 27.
Qa3 Nc2 28. Nxc2 Rxc2 29. Rb4 Qxe3 30. Rb8+ Kg7 31. Qf8+ Kf6 32. Qh8+ Kf5 33.
Rf1 Qe4+ 34. Kh3 Qe2 35. Kg2 Rc1 36. Rxc1 Rxc1 37. Rb4 Qf1+ 38. Kf3 0-1

[Event "?"]
[Site "?"]
[Date "2012.10.07"]
[Round "9.9"]
[White "Pitschka, Claus"]
[Black "Rusche, Johannes"]
[Result "1/2-1/2"]
[WhiteElo "2210"]
[BlackElo "2220"]
[PlyCount "120"]
[EventDate "2012.??.??"]

1. d4 Nf6 2. Nf3 e6 3. Bf4 c5 4. c3 Nc6 5. e3 Be7 6. h3 d5 7. Nbd2 O-O 8. Bd3
Bd6 9. Ne5 cxd4 10. exd4 Bxe5 11. Bxe5 Nxe5 12. dxe5 Nd7 13. Qh5 f5 14. Qe2 Nc5
15. O-O-O Bd7 16. Nf3 Qe7 17. Nd4 Rab8 18. Kb1 b5 19. g4 f4 20. Bc2 a5 21. Nb3
b4 22. c4 Nxb3 23. Qd3 g6 24. axb3 Bc6 25. Rhg1 dxc4 26. Qxc4 Bd5 27. Qe2 Qb7
28. Rd4 Qc7 29. h4 a4 30. bxa4 b3 31. Be4 Qxe5 32. Qd3 Rbd8 33. Bxd5 Rxd5 34.
Rxd5 Qxd5 35. Qxd5 exd5 36. Rd1 Re8 37. a5 Re6 38. f3 h6 39. Kc1 Rc6+ 40. Kd2
Rc2+ 41. Kd3 Rxb2 42. Kc3 Rf2 43. Kxb3 Rxf3+ 44. Kb4 Rf2 45. Ra1 Rb2+ 46. Kc5
f3 47. a6 f2 48. a7 f1=Q 49. Rxf1 Rc2+ 50. Kb6 Rb2+ 51. Kc7 Ra2 52. Kb7 Rb2+
53. Kc8 Ra2 54. Kb8 Rb2+ 55. Kc7 Ra2 56. Kb7 Rb2+ 57. Ka8 d4 58. Rf6 d3 59.
Rxg6+ Kh7 60. Ra6 d2 1/2-1/2